=LDR 00000nam 2200000 4500 =001 INLIS000000000025633 =005 20130612124128 =008 ***********************************Ind** =035 ##$$0010-061300000025633 =041 ##$$a Ind =082 ##$$a 070 =090 ##$$a 070, Sha d =100 ##$$a Shahab =245 ##$$a Di balik wajah saddam, Shahab =260 ##$$a 1991 $b Jakarta =300 ##$$a 217 hlm, 19 cm =650 ##$$a Sadam =850 ##$$a NBPNMAT